Fr. Conceicao Rodrigues College of Engineering

Baba Amte:A Biography (Record no. 22762)

MARC details
000 -LEADER
fixed length control field 00300nam a2200145Ia 4500
100 ## - MAIN ENTRY--PERSONAL NAME
Personal name Kainthla/Anita
245 ## - TITLE STATEMENT
Title Baba Amte:A Biography
260 ## - PUBLICATION, DISTRIBUTION, ETC.
Name of publisher, distributor, etc. Viva Books
Place of publication, distribution, etc. Mumbai
Date of publication, distribution, etc. 2005
366 ## - TRADE AVAILABILITY INFORMATION
Publishers's discount category 20
300 ## - PHYSICAL DESCRIPTION
Extent 191
546 ## - LANGUAGE NOTE
Language note ENGLISH
650 ## - SUBJECT ADDED ENTRY--TOPICAL TERM
Topical term or geographic name entry element Biography
654 ## - SUBJECT ADDED ENTRY--FACETED TOPICAL TERMS
Focus term baba amte
942 ## - ADDED ENTRY ELEMENTS (KOHA)
Koha item type BOOK
Holdings
Withdrawn status Lost status Damaged status Not for loan Collection Home library Current library Date acquired Source of acquisition Cost, normal purchase price Inventory number Total Checkouts Full call number Barcode Date last seen Cost, replacement price Price effective from Koha item type
        CRC Fr. Agnel's C.Rodrigues College of Engineering Fr. Agnel's C.Rodrigues College of Engineering 17/03/2023 United Book Supplier 156.00 6296 dt 29/03/2008   18735 17/03/2023 195.00   BOOK